[Event "21.Wörishofen-Seniorenen op"]
[Site "Bad Wörishofen (03.03.-11.03)"]
[Date "2005.03.06"]
[Round "4.18"]
[White "Sieghardt, Walter"]
[Black "Von Hoesslin, Holger"]
[Result "1/2-1/2"]
[WhiteElo "1513"]
[BlackElo "1601"]
[PlyCount "76"]
[EventDate "2005.03.??"]
[Source "Chessorg"]
[SourceDate "2005.12.10"]

1. d4 Nf6 2. c4 c5 3. e3 b6 4. Nf3 Bb7 5. Nc3 g6 6. Be2 Bg7 7. O-O a6 8. d5 d6
9. e4 Nbd7 10. h3 O-O 11. Re1 Re8 12. Bf1 Qc7 13. Rb1 e6 14. Qc2 exd5 15. exd5
Rxe1 16. Nxe1 Re8 17. Nf3 Bc8 18. Be3 Nh5 19. Bd3 Ne5 20. Nxe5 Bxe5 21. Ne2 f5
22. f4 Bg7 23. Qd2 Qe7 24. Bf2 Bd7 25. b3 Nf6 26. Ng3 Ne4 27. Nxe4 fxe4 28. Re1
h5 29. Rxe4 Qf7 30. Rxe8+ Qxe8 31. Qe3 Qf7 32. Qg3 Bf5 33. Bxf5 Qxf5 34. Kh2
Kh7 35. h4 Bh6 36. Be3 Qc2 37. Qf2 Qxf2 38. Bxf2 Bxf4+ 1/2-1/2

[Event "21.Wörishofen-Seniorenen op"]
[Site "Bad Wörishofen (03.03.-11.03)"]
[Date "2005.03.06"]
[Round "4.19"]
[White "Mueller, Manfred[42Senftenb]"]
[Black "Dinser, Hans"]
[Result "1/2-1/2"]
[WhiteElo "1901"]
[BlackElo "1875"]
[PlyCount "87"]
[EventDate "2005.03.??"]
[Source "Chessorg"]
[SourceDate "2005.12.10"]

1. e4 c5 2. Nf3 Nc6 3. d4 cxd4 4. Nxd4 Nf6 5. Nc3 e5 6. Ndb5 d6 7. Bg5 a6 8.
Na3 b5 9. Nd5 Be6 10. c3 Be7 11. Bxf6 gxf6 12. Qd3 Rc8 13. Rd1 Bxd5 14. Qxd5
O-O 15. h4 Nb8 16. Rh3 Kh8 17. Nc2 Rc5 18. Qd2 f5 19. exf5 d5 20. b4 Rc6 21.
Qxd5 Rd6 22. Qxe5+ f6 23. Rxd6 Bxd6 24. Qd5 Qc7 25. Nd4 Re8+ 26. Be2 Bxb4 27.
Qb3 Ba5 28. Kf1 Bb6 29. Ne6 Qe5 30. Qc2 Nd7 31. Bh5 Rc8 32. f4 Qd6 33. Rd3 Qe7
34. Rd5 Nc5 35. Qe2 Na4 36. Qd2 Nxc3 37. Rd7 Qb4 38. Rxh7+ Kg8 39. Rg7+ Kh8 40.
Rd7 Qb1+ 41. Bd1 Nxd1 42. Rh7+ Kg8 43. Rg7+ Kh8 44. Rh7+ 1/2-1/2

[Event "21.Wörishofen-Seniorenen op"]
[Site "Bad Wörishofen (03.03.-11.03)"]
[Date "2005.03.06"]
[Round "4.20"]
[White "Knebel, Willi"]
[Black "Richter, Helmut[27Mühlacker]"]
[Result "1-0"]
[WhiteElo "1937"]
[BlackElo "1692"]
[PlyCount "57"]
[EventDate "2005.03.??"]
[Source "Chessorg"]
[SourceDate "2005.12.10"]

1. e4 c5 2. c3 Nf6 3. e5 Nd5 4. d4 cxd4 5. Nf3 Nc6 6. cxd4 d6 7. exd6 Qxd6 8.
Nc3 Nxc3 9. bxc3 Bg4 10. Rb1 Qc7 11. Be2 e6 12. O-O Bd6 13. h3 Bxf3 14. Bxf3
O-O 15. c4 Rfd8 16. Be3 Rab8 17. d5 Ne5 18. Bxa7 Nxf3+ 19. Qxf3 Qxc4 20. Bxb8
Bxb8 21. Rxb7 Rf8 22. Rfb1 Bd6 23. Rd7 Be5 24. Re1 Bf6 25. dxe6 fxe6 26. Qb3
Qxb3 27. axb3 e5 28. b4 Rb8 29. Rb1 1-0

[Event "21.Wörishofen-Seniorenen op"]
[Site "Bad Wörishofen (03.03.-11.03)"]
[Date "2005.03.06"]
[Round "4.21"]
[White "Mittelsteiner, Horst"]
[Black "Reimann, Guenther"]
[Result "0-1"]
[WhiteElo "1614"]
[BlackElo "1927"]
[PlyCount "46"]
[EventDate "2005.03.??"]
[Source "Chessorg"]
[SourceDate "2005.12.10"]

1. e4 e6 2. d4 d5 3. e5 c5 4. c3 Nc6 5. Nf3 Bd7 6. a3 Qb6 7. b4 c4 8. Be2 f6 9.
O-O a5 10. Bb2 Be7 11. Re1 Nh6 12. Nbd2 O-O 13. Bf1 fxe5 14. Nxe5 Nxe5 15. dxe5
Rxf2 16. Kh1 Raf8 17. Nxc4 Qc7 18. Nd2 R2f5 19. Nf3 Ng4 20. Qd2 Nxe5 21. Rxe5
Qxe5 22. c4 Qf4 23. Qc2 Rh5 0-1

[Event "21.Wörishofen-Seniorenen op"]
[Site "Bad Wörishofen (03.03.-11.03)"]
[Date "2005.03.06"]
[Round "4.22"]
[White "Moeckel, Edgar,Dr."]
[Black "Reinke, Kurt[39Benrath]"]
[Result "1/2-1/2"]
[WhiteElo "1826"]
[BlackElo "1835"]
[PlyCount "98"]
[EventDate "2005.03.??"]
[Source "Chessorg"]
[SourceDate "2005.12.10"]

1. d4 Nf6 2. Nf3 g6 3. c4 Bg7 4. Nc3 b6 5. e4 d6 6. Be2 O-O 7. O-O Bb7 8. Qc2
c5 9. d5 Nbd7 10. Re1 Ng4 11. h3 Nh6 12. Be3 Kh8 13. Qd2 Ng8 14. Rad1 Bc8 15.
Bd3 Re8 16. Ng5 Rf8 17. f4 h6 18. Nf3 Kh7 19. Bf2 f6 20. Bg3 Re8 21. e5 f5 22.
exd6 exd6 23. Rxe8 Qxe8 24. Nb5 Qf8 25. Nc7 Rb8 26. Ne6 Qf6 27. Nxg7 Qxg7 28.
Re1 Ndf6 29. Re3 Bd7 30. Qe2 Re8 31. Rxe8 Nxe8 32. Be1 Qe7 33. Qxe7+ Nxe7 34.
Bc3 Ng8 35. Kf2 Ngf6 36. Nh4 b5 37. b3 Ne4+ 38. Bxe4 fxe4 39. g4 bxc4 40. bxc4
Ba4 41. Ng2 Bc2 42. Ne3 Bb1 43. a4 Ba2 44. Ke2 Bb3 45. a5 Kg8 46. Kd2 Nc7 47.
Bb2 Na6 48. Kc3 Ba4 49. Ba3 Bd7 1/2-1/2

[Event "21.Wörishofen-Seniorenen op"]
[Site "Bad Wörishofen (03.03.-11.03)"]
[Date "2005.03.06"]
[Round "4.23"]
[White "Semmler, Guenter"]
[Black "Hommann, Horst"]
[Result "1/2-1/2"]
[WhiteElo "1920"]
[BlackElo "1609"]
[PlyCount "31"]
[EventDate "2005.03.??"]
[Source "Chessorg"]
[SourceDate "2005.12.10"]

1. Nf3 Nf6 2. d4 e6 3. g3 d5 4. Bg2 Be7 5. O-O O-O 6. c4 Nbd7 7. Nbd2 c5 8. e3
Rb8 9. Qc2 dxc4 10. Nxc4 b5 11. Nce5 Bb7 12. Ng5 Bxg2 13. Kxg2 Nxe5 14. dxe5
Qd5+ 15. Nf3 Qe4 16. Qxe4 1/2-1/2

[Event "21.Wörishofen-Seniorenen op"]
[Site "Bad Wörishofen (03.03.-11.03)"]
[Date "2005.03.06"]
[Round "4.24"]
[White "Reichwald, Klaus"]
[Black "Gehrmann, Rudolf-Rainer"]
[Result "1/2-1/2"]
[WhiteElo "1716"]
[BlackElo "2017"]
[PlyCount "85"]
[EventDate "2005.03.??"]
[Source "Chessorg"]
[SourceDate "2005.12.10"]

1. e4 c5 2. Nc3 Nc6 3. g3 g6 4. Bg2 Bg7 5. Nge2 e6 6. d3 Nge7 7. O-O O-O 8. f4
d6 9. g4 f5 10. exf5 exf5 11. g5 d5 12. Ng3 d4 13. Nce2 Be6 14. h4 Bd5 15.
Bxd5+ Nxd5 16. Rf3 Re8 17. Bd2 Qd7 18. Rb1 Re7 19. h5 Rae8 20. a3 Ne3 21. Bxe3
Rxe3 22. Qf1 c4 23. hxg6 hxg6 24. Rd1 Rxf3 25. Qxf3 Re3 26. Qg2 c3 27. b3 Ne7
28. Rf1 Nd5 29. Rf2 Re7 30. Nf1 a5 31. a4 Qe6 32. Qf3 Nb4 33. Neg3 Qe1 34. Kg2
Qc1 35. Kg1 Re3 36. Qg2 Qd1 37. Kh2 Re1 38. Qxb7 Nxc2 39. Qc8+ Kf7 40. Qd7+ Re7
41. Qd5+ Ke8 42. Qg8+ Kd7 43. Qd5+ 1/2-1/2

[Event "21.Wörishofen-Seniorenen op"]
[Site "Bad Wörishofen (03.03.-11.03)"]
[Date "2005.03.06"]
[Round "4.25"]
[White "Niebaum, Karl"]
[Black "Litterst, Reinhard"]
[Result "1/2-1/2"]
[WhiteElo "1774"]
[BlackElo "1843"]
[PlyCount "104"]
[EventDate "2005.03.??"]
[Source "Chessorg"]
[SourceDate "2005.12.10"]

1. d4 Nf6 2. Bg5 e6 3. Nc3 Be7 4. e4 d5 5. e5 Nfd7 6. Bxe7 Qxe7 7. Nf3 a6 8.
Bd3 c5 9. dxc5 Nxc5 10. O-O Nc6 11. Re1 h6 12. Ne2 O-O 13. c3 Nxd3 14. Qxd3 Bd7
15. Ned4 Rac8 16. Re3 Qc5 17. h4 Qc4 18. Qd1 Ne7 19. Nd2 Qc7 20. g4 f5 21. g5
f4 22. Re1 hxg5 23. hxg5 Ng6 24. N2f3 Kf7 25. Kg2 Rh8 26. Qd2 Rcf8 27. Rh1 Ke7
28. Rxh8 Rxh8 29. Qd3 Be8 30. Re1 Bf7 31. Qd2 Qb8 32. Ne2 Nxe5 33. Nxf4 Nxf3
34. Kxf3 Kd7 35. Qd4 Qf8 36. Qb6 Kc8 37. Kg3 Kb8 38. Re3 Qe7 39. Nxe6 Bxe6 40.
Qxe6 Qxg5+ 41. Qg4 Qd8 42. Re6 Qc7+ 43. f4 Rd8 44. Rg6 Rd7 45. Qd1 Qc4 46. Qd4
Qf1 47. Qe5+ Ka7 48. Qe6 Qg1+ 49. Kf3 Qf1+ 50. Kg4 Qg2+ 51. Kh5 Qh2+ 52. Kg5
Rc7 1/2-1/2

[Event "21.Wörishofen-Seniorenen op"]
[Site "Bad Wörishofen (03.03.-11.03)"]
[Date "2005.03.06"]
[Round "4.26"]
[White "Fels, Karl-Heinz"]
[Black "Born, Bernd-Ludger,Dr."]
[Result "1-0"]
[WhiteElo "1785"]
[BlackElo "1954"]
[PlyCount "123"]
[EventDate "2005.03.??"]
[Source "Chessorg"]
[SourceDate "2005.12.10"]

1. e4 e6 2. d4 d5 3. Nc3 Nf6 4. Bg5 dxe4 5. Nxe4 Be7 6. Bxf6 Bxf6 7. Nf3 Nd7 8.
Qd2 O-O 9. O-O-O Be7 10. Bc4 Nf6 11. Nxf6+ Bxf6 12. h4 Qd6 13. g4 b5 14. Be2
Bb7 15. g5 Be7 16. Rhg1 c5 17. h5 Be4 18. Ne5 Rac8 19. c3 b4 20. Rg3 bxc3 21.
bxc3 cxd4 22. Nc4 Rxc4 23. Bxc4 Qxg3 24. fxg3 Ba3+ 25. Qb2 Bxb2+ 26. Kxb2 Rb8+
27. Bb3 dxc3+ 28. Kxc3 Kf8 29. Rd7 Rb7 30. Rd4 Rc7+ 31. Kd2 Bf3 32. h6 g6 33.
Rd8+ Ke7 34. Rh8 Rc5 35. Ke3 Bd5 36. Bxd5 Rxd5 37. Kf4 Rd2 38. Rxh7 Rxa2 39.
Rh8 Ra4+ 40. Kf3 Ra3+ 41. Kf4 Ra4+ 42. Kf3 Ra1 43. Rb8 Rh1 44. Rb7+ Kf8 45.
Rxa7 Kg8 46. Kg4 Rf1 47. Ra8+ Kh7 48. Re8 Rf5 49. Kh4 f6 50. Re7+ Kh8 51. gxf6
Rxf6 52. Kg5 Rf8 53. g4 Kg8 54. Kxg6 Kh8 55. g5 e5 56. Rxe5 Rg8+ 57. Kh5 Kh7
58. Re7+ Kh8 59. g6 Ra8 60. Re5 Rb8 61. Rf5 Kg8 62. h7+ 1-0

[Event "21.Wörishofen-Seniorenen op"]
[Site "Bad Wörishofen (03.03.-11.03)"]
[Date "2005.03.06"]
[Round "4.27"]
[White "Bierbach, Utz-Friedrich"]
[Black "Wittelsberger, Helmut"]
[Result "1/2-1/2"]
[WhiteElo "1745"]
[BlackElo "1794"]
[PlyCount "86"]
[EventDate "2005.03.??"]
[Source "Chessorg"]
[SourceDate "2005.12.10"]

1. d4 Nf6 2. Nf3 d5 3. e3 e6 4. c4 c6 5. Qc2 Bb4+ 6. Bd2 Bxd2+ 7. Nbxd2 Nbd7 8.
Bd3 h6 9. b3 Qe7 10. O-O O-O 11. Rfe1 Qd6 12. e4 dxe4 13. Bxe4 Nxe4 14. Nxe4
Qc7 15. Rad1 b6 16. c5 Ba6 17. Rd2 Rad8 18. b4 f5 19. Nd6 Rf6 20. Qb3 Nf8 21.
Ne5 b5 22. Qa3 Bc8 23. Qf3 Bd7 24. Rde2 Ng6 25. g3 Nxe5 26. Rxe5 a5 27. bxa5
Ra8 28. Nxb5 Qxa5 29. Nd6 Qxa2 30. R5e2 Qa4 31. Qc3 Ra7 32. Rb2 Rf8 33. Nc4 Qa6
34. Rb6 Qa2 35. Ne5 Qd5 36. Reb1 Ra4 37. R6b4 Rxb4 38. Qxb4 Rd8 39. Ng6 Kf7 40.
Ne5+ Kf6 41. Qb6 Be8 42. Rd1 h5 43. h4 Ra8 1/2-1/2

[Event "21.Wörishofen-Seniorenen op"]
[Site "Bad Wörishofen (03.03.-11.03)"]
[Date "2005.03.06"]
[Round "4.28"]
[White "Schurig, Wilhelm"]
[Black "Smits, Oswald"]
[Result "1/2-1/2"]
[WhiteElo "1970"]
[BlackElo "1714"]
[PlyCount "72"]
[EventDate "2005.03.??"]
[Source "Chessorg"]
[SourceDate "2005.12.10"]

1. Nf3 Nf6 2. g3 d5 3. Bg2 e6 4. d3 Bd6 5. Nbd2 Nbd7 6. O-O O-O 7. e4 c6 8. b3
c5 9. Bb2 dxe4 10. dxe4 Be7 11. Qe2 Qc7 12. e5 Nd5 13. c4 Nb4 14. a3 Nc6 15. h4
b6 16. Rfe1 Bb7 17. Nf1 Rad8 18. Rad1 Ndb8 19. N3h2 Rxd1 20. Rxd1 Rd8 21. Rxd8+
Qxd8 22. Ng4 Na5 23. Qc2 Nd7 24. Nd2 Bxg2 25. Kxg2 Qc7 26. f4 Qb7+ 27. Nf3 h5
28. Nf2 Nf8 29. f5 exf5 30. Qxf5 g6 31. Qc2 Ne6 32. Ne4 Qc6 33. Nf6+ Kg7 34.
Nd5 Bf8 35. Nd2 Qd7 36. Ne4 Nc6 1/2-1/2

[Event "21.Wörishofen-Seniorenen op"]
[Site "Bad Wörishofen (03.03.-11.03)"]
[Date "2005.03.06"]
[Round "4.29"]
[White "Ganslmayer, Herbert"]
[Black "Lange, Manfred,Dr[33Wzb]"]
[Result "1/2-1/2"]
[WhiteElo "1855"]
[BlackElo "1943"]
[PlyCount "74"]
[EventDate "2005.03.??"]
[Source "Chessorg"]
[SourceDate "2005.12.10"]

1. d4 Nf6 2. e3 g6 3. f4 d5 4. Bd3 Bg7 5. Nf3 c5 6. c3 O-O 7. O-O b6 8. Nbd2
Bb7 9. Ne5 Nbd7 10. Ndf3 Nxe5 11. fxe5 Ne4 12. Qe1 f6 13. exf6 Bxf6 14. Qe2 Qd7
15. Bd2 Qg4 16. Rae1 Rad8 17. Bc1 Qe6 18. c4 dxc4 19. Bxc4 Bd5 20. Bxd5 Qxd5
21. Rd1 Qxa2 22. dxc5 Nxc5 23. Qb5 Qb3 24. Qe2 Qe6 25. b4 Ne4 26. Nd4 Bxd4 27.
exd4 Rxf1+ 28. Qxf1 Rf8 29. Qe1 Qg4 30. Be3 h5 31. d5 Qf5 32. Rd4 Rf7 33. Qb1
Nd6 34. Qd1 Qe5 35. Rd3 Nf5 36. Bf2 Kh7 37. h3 Qe4 1/2-1/2

[Event "21.Wörishofen-Seniorenen op"]
[Site "Bad Wörishofen (03.03.-11.03)"]
[Date "2005.03.06"]
[Round "4.30"]
[White "Aigner, Georg"]
[Black "Schumacher, Horst[36Holtenau]"]
[Result "0-1"]
[WhiteElo "1823"]
[BlackElo "1723"]
[PlyCount "86"]
[EventDate "2005.03.??"]
[Source "Chessorg"]
[SourceDate "2005.12.10"]

1. e4 d5 2. exd5 Nf6 3. Nc3 c6 4. d4 cxd5 5. Bd3 Bg4 6. f3 Bh5 7. Nge2 e6 8.
Bg5 a6 9. Nf4 Bg6 10. Bxg6 hxg6 11. Nd3 Qc7 12. Bf4 Bd6 13. Bxd6 Qxd6 14. Ne5
Nbd7 15. f4 Nh5 16. O-O g5 17. g3 gxf4 18. gxf4 Rh6 19. Rf2 Qe7 20. Qf3 Ndf6
21. Re1 O-O-O 22. Qd3 Qc7 23. b4 Rdh8 24. Ree2 Ne4 25. Nxe4 dxe4 26. Qc4 Rg6+
27. Rg2 Qxc4 28. Nxc4 Nxf4 29. Rxg6 Nxe2+ 30. Kf2 fxg6 31. Kxe2 Rxh2+ 32. Kd1
Kd7 33. a4 b5 34. axb5 axb5 35. Ne3 Kd6 36. Kc1 Re2 37. Nd1 Re1 38. Kd2 Rxd1+
39. Kxd1 Kd5 40. c3 Kc4 41. Kd2 g5 42. Ke3 Kxc3 43. Kxe4 g4 0-1

[Event "21.Wörishofen-Seniorenen op"]
[Site "Bad Wörishofen (03.03.-11.03)"]
[Date "2005.03.06"]
[Round "4.31"]
[White "Schuler, Georg"]
[Black "Kreie, Guenter"]
[Result "1-0"]
[WhiteElo "1885"]
[BlackElo "1847"]
[PlyCount "29"]
[EventDate "2005.03.??"]
[Source "Chessorg"]
[SourceDate "2005.12.10"]

1. c4 Nf6 2. Nc3 e6 3. e4 d5 4. e5 d4 5. exf6 dxc3 6. bxc3 Qxf6 7. Nf3 b6 8.
Qc2 Be7 9. Bd3 Nd7 10. O-O h6 11. Re1 O-O 12. a4 Bd6 13. Be4 Rb8 14. d4 c5 15.
Bb2 1-0

[Event "21.Wörishofen-Seniorenen op"]
[Site "Bad Wörishofen (03.03.-11.03)"]
[Date "2005.03.06"]
[Round "4.32"]
[White "Blosze, Winfried"]
[Black "Molez, Karl"]
[Result "1-0"]
[WhiteElo "1688"]
[BlackElo "1842"]
[PlyCount "41"]
[EventDate "2005.03.??"]
[Source "Chessorg"]
[SourceDate "2005.12.10"]

1. e4 c5 2. d4 cxd4 3. c3 d3 4. Bxd3 Nc6 5. Nf3 d6 6. Nd4 Bd7 7. O-O g6 8. Be3
Bg7 9. Nd2 Nf6 10. Kh1 Ng4 11. Nxc6 bxc6 12. Bg5 Qb6 13. Qb3 Nxf2+ 14. Rxf2
Qxf2 15. Rf1 Qxf1+ 16. Nxf1 Bc8 17. Bc4 e6 18. Ne3 h6 19. Bf4 d5 20. exd5 exd5
21. Nxd5 1-0

[Event "21.Wörishofen-Seniorenen op"]
[Site "Bad Wörishofen (03.03.-11.03)"]
[Date "2005.03.06"]
[Round "4.33"]
[White "Weber, Gerhard,Dr.[34Levk]"]
[Black "Herzel, Alois,Dr."]
[Result "1/2-1/2"]
[WhiteElo "1783"]
[BlackElo "1714"]
[PlyCount "84"]
[EventDate "2005.03.??"]
[Source "Chessorg"]
[SourceDate "2005.12.10"]

1. e4 c5 2. Nf3 e6 3. d4 cxd4 4. Nxd4 a6 5. c4 Nf6 6. Nc3 Qc7 7. Bd3 d6 8. O-O
Be7 9. Be3 O-O 10. Rc1 Nc6 11. Nd5 Qd8 12. Nxe7+ Qxe7 13. c5 d5 14. Nxc6 bxc6
15. Bf4 e5 16. Bg5 d4 17. f4 h6 18. fxe5 Qxe5 19. Bxf6 gxf6 20. Qd2 Qg5 21. Qf4
Qxf4 22. Rxf4 Be6 23. b3 a5 24. Rxf6 Kg7 25. Rf2 Rfb8 26. Bc4 a4 27. Rd2 axb3
28. axb3 Bxc4 29. bxc4 Rb3 30. Rxd4 Ra2 31. e5 Re3 32. Rg4+ Kf8 33. Rf1 Rxe5
34. Rgf4 Rxc5 35. Rxf7+ Kg8 36. R7f4 Rc2 37. Rg4+ Rg5 38. Rff4 Kg7 39. Rd4 Rxg4
40. Rxg4+ Kf6 41. Rd4 Kg5 42. h3 h5 1/2-1/2

[Event "21.Wörishofen-Seniorenen op"]
[Site "Bad Wörishofen (03.03.-11.03)"]
[Date "2005.03.06"]
[Round "4.34"]
[White "Rueggeberg, Wilhelm"]
[Black "Harke, Horst"]
[Result "1/2-1/2"]
[WhiteElo "1801"]
[BlackElo "1657"]
[PlyCount "53"]
[EventDate "2005.03.??"]
[Source "Chessorg"]
[SourceDate "2005.12.10"]

1. d4 d5 2. Nf3 c6 3. e3 Nf6 4. c4 e6 5. Nc3 dxc4 6. Bxc4 Bb4 7. Bd2 Nd5 8. O-O
Nd7 9. e4 Nxc3 10. bxc3 Be7 11. Qc2 h6 12. Rad1 Qc7 13. Bd3 Bg5 14. e5 Bxd2 15.
Rxd2 Nb6 16. c4 Qe7 17. Qb3 O-O 18. Bc2 f5 19. exf6 Qxf6 20. Qd3 Qf5 21. Qe2
Qh5 22. Bb3 Bd7 23. Re1 Rae8 24. Ne5 Qxe2 25. Rdxe2 Bc8 26. g3 a5 27. Re4
1/2-1/2

[Event "21.Wörishofen-Seniorenen op"]
[Site "Bad Wörishofen (03.03.-11.03)"]
[Date "2005.03.06"]
[Round "4.35"]
[White "Malin, Klaus"]
[Black "Scheidt, Eugen"]
[Result "1-0"]
[WhiteElo "1691"]
[BlackElo "1738"]
[PlyCount "123"]
[EventDate "2005.03.??"]
[Source "Chessorg"]
[SourceDate "2005.12.10"]

1. e4 c5 2. Nf3 d6 3. d4 cxd4 4. Nxd4 Nf6 5. Nc3 a6 6. g3 Bd7 7. Bg2 Nc6 8. O-O
e6 9. Be3 Be7 10. f4 Qc7 11. a3 Rc8 12. Kh1 b5 13. Rc1 Na5 14. Bg1 Nc4 15. b3
Nb2 16. Ncxb5 Bxb5 17. Nxb5 axb5 18. Qd4 Qc3 19. Qxc3 Rxc3 20. Bd4 Na4 21. bxa4
Rc4 22. c3 Rxa4 23. e5 dxe5 24. Bc6+ Kf8 25. Bxe5 Rxa3 26. Ra1 Ne8 27. Rxa3
Bxa3 28. Ra1 f6 29. Rxa3 fxe5 30. Ra8 Ke7 31. fxe5 Rf8 32. Bxb5 Nc7 33. Rxf8
Kxf8 34. Bc4 Ke7 35. Kg2 Na8 36. Kf3 Nb6 37. Bb3 Nd7 38. Kf4 Nc5 39. Bc2 h6 40.
h4 Nd7 41. Ke4 Kd8 42. Kd4 Kc7 43. c4 Kd8 44. h5 Kc7 45. c5 Nb8 46. Ba4 Na6 47.
Kc4 Kb8 48. Bb5 Nc7 49. Bc6 Ka7 50. Be4 Ka6 51. Bc6 Ka5 52. Bd7 Ka6 53. Bc6 Ka5
54. Bb7 Ne8 55. Bc6 Nc7 56. Bf3 Nb5 57. Be4 Nc7 58. Bc6 Na6 59. Bd7 Nc7 60. Bc8
Ka4 61. c6 Ka5 62. Kc5 1-0

[Event "21.Wörishofen-Seniorenen op"]
[Site "Bad Wörishofen (03.03.-11.03)"]
[Date "2005.03.06"]
[Round "4.36"]
[White "Luebbers, Doris,Dr."]
[Black "Lang, Hermann[35Merzig]"]
[Result "1/2-1/2"]
[WhiteElo "1414"]
[BlackElo "1717"]
[PlyCount "41"]
[EventDate "2005.03.??"]
[Source "Chessorg"]
[SourceDate "2005.12.10"]

1. d4 Nf6 2. Nf3 c5 3. e3 e6 4. c3 d5 5. b3 Nc6 6. Be2 Be7 7. O-O O-O 8. Bb2
cxd4 9. cxd4 Bd7 10. Nbd2 Rc8 11. Rc1 Nb4 12. a3 Nc6 13. Ne5 Nxe5 14. dxe5 Ne8
15. Rxc8 Qxc8 16. Qc1 Qb8 17. b4 Nc7 18. Bd4 Rc8 19. Qb2 Bb5 20. Bxb5 Nxb5 21.
Nb3 1/2-1/2

[Event "21.Wörishofen-Seniorenen op"]
[Site "Bad Wörishofen (03.03.-11.03)"]
[Date "2005.03.06"]
[Round "4.37"]
[White "Auf'm Wasser, Guenter"]
[Black "Schmidt, Eugen[35Baden]"]
[Result "0-1"]
[WhiteElo "1613"]
[BlackElo "1882"]
[PlyCount "80"]
[EventDate "2005.03.??"]
[Source "Chessorg"]
[SourceDate "2005.12.10"]

1. f4 g6 2. Nf3 Bg7 3. e3 Nf6 4. d4 O-O 5. Bd3 d6 6. O-O c6 7. c3 Qc7 8. Qe1
Nbd7 9. f5 e5 10. fxe6 fxe6 11. e4 e5 12. Ng5 Nb6 13. dxe5 dxe5 14. Na3 h6 15.
Nf3 Nh5 16. Be3 Be6 17. Rd1 Rad8 18. Bb1 Kh7 19. b3 Rxd1 20. Qxd1 a6 21. Nc2
Nd7 22. Nh4 Bf6 23. Nf5 Nf4 24. Ng3 Bg5 25. Ne2 Bg4 26. Bxf4 exf4 27. Ncd4 Ne5
28. Nf3 Nxf3+ 29. Rxf3 Bxf3 30. gxf3 Rd8 31. Qc2 Qe5 32. Nd4 Bf6 33. Ne2 Qc5+
34. Kg2 Be5 35. b4 Qe3 36. Nd4 Bxd4 37. e5 Qg1+ 38. Kh3 Be3 39. Qe2 Qg5 40. Be4
Rd2 0-1

[Event "21.Wörishofen-Seniorenen op"]
[Site "Bad Wörishofen (03.03.-11.03)"]
[Date "2005.03.06"]
[Round "4.38"]
[White "Kaiser, Hans[35BGladbach]"]
[Black "Fleckner, Hans"]
[Result "1/2-1/2"]
[WhiteElo "1612"]
[BlackElo "1723"]
[PlyCount "51"]
[EventDate "2005.03.??"]
[Source "Chessorg"]
[SourceDate "2005.12.10"]

1. e4 c5 2. Nf3 Nc6 3. d4 cxd4 4. Nxd4 Nf6 5. Nc3 g6 6. Nxc6 bxc6 7. Bd3 d6 8.
O-O Bg7 9. Qe2 O-O 10. Be3 Ng4 11. Bd2 Ne5 12. Nd1 a5 13. Bc3 Nxd3 14. cxd3 e5
15. Ne3 d5 16. Nc2 Ba6 17. Rfd1 Qc7 18. Qe1 Bc8 19. d4 dxe4 20. Qxe4 Bf5 21.
Qe2 Rfe8 22. d5 cxd5 23. Rxd5 Bxc2 24. Qxc2 e4 25. Rc1 e3 26. fxe3 1/2-1/2

[Event "21.Wörishofen-Seniorenen op"]
[Site "Bad Wörishofen (03.03.-11.03)"]
[Date "2005.03.06"]
[Round "4.39"]
[White "Diete, Guenter"]
[Black "Neumann, Erwin"]
[Result "1/2-1/2"]
[WhiteElo "1696"]
[BlackElo "1769"]
[PlyCount "75"]
[EventDate "2005.03.??"]
[Source "Chessorg"]
[SourceDate "2005.12.10"]

1. e4 e5 2. Nf3 Nf6 3. Nc3 Bb4 4. d3 d5 5. Nd2 O-O 6. Be2 d4 7. Ncb1 c5 8. O-O
Nc6 9. c3 Ba5 10. a3 Be6 11. b4 dxc3 12. Nb3 Bxb3 13. Qxb3 Nd4 14. Qa2 cxb4 15.
axb4 Bxb4 16. Bd1 a5 17. Na3 Qc7 18. Nc2 Nxc2 19. Bxc2 b5 20. Kh1 Bd6 21. g3
Qd7 22. Bg5 Qg4 23. f4 Nd7 24. Bd1 Qe6 25. Bb3 Qg6 26. Bd5 Ra6 27. Qe2 h6 28.
Bh4 Nb6 29. f5 Qh7 30. Bc6 b4 31. d4 Ra7 32. Qb5 Rb8 33. dxe5 Bc7 34. Qc5 Nc8
35. Qd5 g5 36. e6 Nb6 37. Qb3 Be5 38. f6 1/2-1/2

[Event "21.Wörishofen-Seniorenen op"]
[Site "Bad Wörishofen (03.03.-11.03)"]
[Date "2005.03.06"]
[Round "4.40"]
[White "Miessner, Rolf"]
[Black "Mantzouneas, Nikolaos"]
[Result "0-1"]
[WhiteElo "1695"]
[BlackElo "1873"]
[PlyCount "48"]
[EventDate "2005.03.??"]
[Source "Chessorg"]
[SourceDate "2005.12.10"]

1. e4 c5 2. Nc3 Nc6 3. g3 g6 4. Bg2 Bg7 5. f4 e6 6. d3 Nge7 7. Be3 b6 8. Qd2 d5
9. exd5 exd5 10. Bf2 O-O 11. Nf3 Re8 12. O-O Bb7 13. Rfe1 d4 14. Nd1 Qd7 15. h3
Nf5 16. Rxe8+ Rxe8 17. g4 Ne3 18. Bxe3 dxe3 19. Qe2 Nd4 20. Nxd4 cxd4 21. Bxb7
Qxb7 22. c4 Qc7 23. Kg2 Qxf4 24. b4 Be5 0-1

[Event "21.Wörishofen-Seniorenen op"]
[Site "Bad Wörishofen (03.03.-11.03)"]
[Date "2005.03.06"]
[Round "4.41"]
[White "Hausner, Alfreda"]
[Black "Lange, Detlef"]
[Result "1/2-1/2"]
[WhiteElo "1765"]
[BlackElo "1635"]
[PlyCount "28"]
[EventDate "2005.03.??"]
[Source "Chessorg"]
[SourceDate "2005.12.10"]

1. d4 e6 2. Nf3 c5 3. c3 Nf6 4. e3 d5 5. Be2 Nc6 6. Nbd2 Be7 7. Qc2 c4 8. e4
dxe4 9. Nxe4 Qd5 10. Nxf6+ Bxf6 11. O-O b5 12. a3 Bb7 13. Bf4 O-O 14. Ne1 Qd7
1/2-1/2

[Event "21.Wörishofen-Seniorenen op"]
[Site "Bad Wörishofen (03.03.-11.03)"]
[Date "2005.03.06"]
[Round "4.42"]
[White "Wolf, Alfred[34Bliestal]"]
[Black "Scheller, Gerhard"]
[Result "1-0"]
[WhiteElo "1736"]
[BlackElo "1453"]
[PlyCount "83"]
[EventDate "2005.03.??"]
[Source "Chessorg"]
[SourceDate "2005.12.10"]

1. d4 c5 2. d5 Nf6 3. Nc3 d6 4. e4 g6 5. f4 Bg4 6. Nf3 Bg7 7. h3 Bxf3 8. Qxf3
Nfd7 9. Bd3 O-O 10. O-O a6 11. a4 Qc8 12. Be3 c4 13. Be2 f5 14. Rfd1 Nc5 15.
Bd4 fxe4 16. Nxe4 Nxe4 17. Qxe4 Qf5 18. Qxf5 Bxd4+ 19. Rxd4 Rxf5 20. Bg4 Rf6
21. Rxc4 h5 22. Be6+ Kg7 23. g3 Nc6 24. dxc6 Rxe6 25. cxb7 Rb8 26. Rc7 Re4 27.
Kf2 Kf6 28. Re1 Rxe1 29. Kxe1 e5 30. Kf2 exf4 31. gxf4 Kf5 32. Kf3 d5 33. c3
Ke6 34. b3 Kd6 35. Rg7 Kc6 36. b4 Kb6 37. Ke3 Ka7 38. Rxg6 Rxb7 39. Rg5 Re7+
40. Re5 Rg7 41. Kd4 Rg3 42. Rxh5 1-0

[Event "21.Wörishofen-Seniorenen op"]
[Site "Bad Wörishofen (03.03.-11.03)"]
[Date "2005.03.06"]
[Round "4.43"]
[White "Frantzke, Helmut"]
[Black "Rudolph, Joachim"]
[Result "1-0"]
[WhiteElo "1774"]
[BlackElo "1683"]
[PlyCount "43"]
[EventDate "2005.03.??"]
[Source "Chessorg"]
[SourceDate "2005.12.10"]

1. e4 e6 2. d3 Be7 3. g3 b6 4. Bg2 Bb7 5. Nf3 Nf6 6. O-O O-O 7. Nbd2 d6 8. c3
Nbd7 9. Re1 Rb8 10. Nf1 h6 11. h4 e5 12. Ne3 Bc8 13. Nf5 Nc5 14. b4 Bxf5 15.
exf5 e4 16. dxe4 Ncxe4 17. Qd3 d5 18. Nd4 Qd7 19. Bf4 Rbc8 20. f3 c5 21. bxc5
bxc5 22. Ne2 1-0